000 01004nam a2200337 a 4500
003 AR-BaBNM
005 20251128205541.0
008 082120s2002 ||||||||||||||000 | spa||
020 _a950-12-1810-4
040 _cAR-BaBNM
100 1 _aGrey, Loren
245 0 0 _aDisciplina sin tiranía
_bel entrenamiento del niño de 1 a 5 años
260 _aBuenos Aires
_bPaidós
_c1984
300 _a131 p.
490 0 _aBiblioteca de psicopedagogía Paidós
_vv. 10
500 _aContiene referencias bibliográficas en notas a pie de página
650 4 _aEDUCACION DEL NIÑO
650 4 _aPRIMERA INFANCIA
650 4 _aDESTREZAS BASICAS
650 4 _aDISCIPLINA
650 4 _aDESARROLLO DEL NIÑO
650 4 _aDESARROLLO DE DESTREZAS
650 4 _aHABILIDAD
650 4 _aESTIMULACION TEMPRANA
653 _aEDUCACION INICIAL
653 _aJARDINES DE INFANTES
700 1 _aDreikurs, Rudolf
_eprologuista
700 1 _aLópez, Beatriz
_etraductor
942 _cBK
998 _carturo
999 _c11842
_d11842